Top 5 football league players with +30 goal seasons - Statistics

General Stats
  • This quiz has been taken 123 times
  • The average score is 23 of 34
Answer Stats
Hint Answer % Correct
2009-10 34 La liga Lionel Messi
100%
2010-11 31 La liga Lionel Messi
100%
2011-12 50 La liga Lionel Messi
100%
2012-13 46 La liga Lionel Messi
100%
2014-15 43 La liga Lionel Messi
100%
1996-97 34 La liga Ronaldo
99%
2012-13 30 Ligue 1 Zlatan Ibrahimovic
91%
2015-16 38 Ligue 1 Zlatan Ibrahimovic
91%
2013-14 31 Premier league Luis Suarez
90%
2015-16 40 La liga Luis Suarez
90%
2015-16 30 Bundesliga Robert Lewandowski
87%
2007-08 31 Premier league Cristiano Ronaldo
79%
2010-11 40 La liga Cristiano Ronaldo
79%
2011-12 46 La liga Cristiano Ronaldo
79%
2012-13 34 La liga Cristiano Ronaldo
79%
2013-14 31 La liga Cristiano Ronaldo
79%
2014-15 48 La liga Cristiano Ronaldo
79%
2015-16 35 La liga Cristiano Ronaldo
79%
2015-16 36 Serie A Gonzalo Higuain
77%
2003-04 30 Premier league Thierry Henry
77%
1993-94 31 Premier league Alan Shearer
67%
1994-95 34 Premier league Alan Shearer
67%
1995-96 31 Premier league Alan Shearer
67%
2011-12 30 Premier league Robin van Persie
63%
2008-09 30 La liga Samuel Eto'o
52%
1993-94 34 Premier league Andy Cole
47%
2005-06 31 Serie A Luca Toni
33%
2008-09 32 La liga Diego Forlan
29%
1993-94 30 La liga Romario
25%
1999-2000 30 Premier league Kevin Phillips
23%
1989-90 36 La liga Hugo Sanchez
21%
1998-90 30 Ligue 1 Jean Pierre Papin
15%
1995-96 31 La liga Juan Antonio Pizzi
3%
1989-90 33 La liga Toni Polster
2%
No matching quizzes found
Score Distribution
Percent of People with Each Score
Percentile by Number Answered
Your Score History
You have not taken this quiz